| 000 | 00677nam a2200241Ia 4500 | ||
|---|---|---|---|
| 003 | OSt | ||
| 005 | 20220928113807.0 | ||
| 006 | a|||||r|||| 00| 0 | ||
| 007 | ta | ||
| 008 | 220927b |||||||| |||| 00| 0 hin d | ||
| 024 | _a126436 | ||
| 037 |
_bGift, 06/02/2015, _cTextual |
||
| 040 |
_aSDCL _cSDCL _bhin |
||
| 041 |
_2hin _ahin |
||
| 082 | _a0152,3N3891, Q4 | ||
| 100 |
_aTripathi Prasant Mani Au. _9435227 |
||
| 245 | 0 | _aRajdhani | |
| 260 |
_aNew Delhi _bSwakchhar _c2014 |
||
| 300 |
_avii;280p _ccm. |
||
| 650 |
_aGift _9391569 |
||
| 942 |
_h0152,3N3891, Q4 _cTEXL _2CC |
||
| 999 |
_c751455 _d751455 |
||